Derecho comercial; con actualización legislativa /

Guardado en:
Autor Principal: Kechichian, Roberto
Formato: Libro
Publicado: Argentina : Stella, 1979
Edición:2a. ed.
Materias:
Etiquetas: Agregar Etiqueta
Sin Etiquetas, Sea el primero en etiquetar este registro!
LEADER 00659nam a22002295a 4500
001 CEM.cems003563
005 19000101000000.0
008 130507s1979##################000#0#####d
003 CEMS
082 0 4 |a 347 
100 1 |a Kechichian, Roberto 
245 1 0 |a Derecho comercial; con actualización legislativa / 
250 |a 2a. ed. 
260 |a Argentina :  |b Stella,  |c 1979 
300 |a 359 p. 
505 0 |a Para 5to. año de las Escuelas de Comercio.- 
653 |a Comerciantes 
653 |a Comercio-actos de 
653 |a Comercio-concepto 
653 |a Contratos 
653 |a Derecho comercial 
859 |a CEMS  |b BIB. CEMS - 11 de abril  |h 347  |i K233a2  |p 15289.88  |t Ej.1